Ninja plants : survival and adaptation in the plant world

Bibliographic Details
Main Author: Blevins , Wiley
Format: Book
Published: Minneapolis : Twenty-first century book , 2016
Subjects:

MARC

LEADER 00000cam a2200000 7i4500
001 0000233238
005 20181108.0
020 |a 9781512410136 
090 0 0 |a 581.4   |b BLE 
100 1 |a Blevins , Wiley 
245 1 0 |a Ninja plants :   |b survival and adaptation in the plant world 
260 |a Minneapolis :   |b Twenty-first century book ,   |c 2016 
300 |a 96p. :   |b ill. ;   |c 23cm. 
504 |a Includes bibliographical reference and index 
650 0 |a Plants   |x Adaptation   |v Juvenile literature 
999 |a 00361359   |b BUKU   |c JUNIOR BOOKS   |e PERPUSTAKAAN KOMUNITI PETALING JAYA